000 00698nam a2200253Ia 4500
003 OSt
005 20220927105445.0
006 a|||||r|||| 00| 0
007 ta
008 220926b |||||||| |||| 00| 0 eng d
024 _a156855
037 _cReference Collections
040 _aRTL
_cRTL
_beng
041 _2eng
_aeng
082 _a"Y:5.2.N61, K1"
110 _aMANIPUR
_9372665
245 0 _aCensus of India 1961
_b Manipur
260 _aDelhi
_bThe Manager of Publications
_c1969
300 _a"xi, 43+iv p"
_ccm.
500 _aApp.: 25-43p
700 _aMANIPUR
_9372666
942 _h"Y:5.2.N61, K1"
_cCC
999 _c692652
_d692652